Library Banner

The Oxford movement : (Record no. 106762)

MARC details
000 -LEADER
fixed length control field 00643cam a2200205 i 4500
001 - CONTROL NUMBER
control field 17221339
005 - DATE AND TIME OF LATEST TRANSACTION
control field 20180810115110.0
008 - FIXED-LENGTH DATA ELEMENTS--GENERAL INFORMATION
fixed length control field 120321s2012 enk b 001 0 eng
020 ## - INTERNATIONAL STANDARD BOOK NUMBER
International Standard Book Number 9781107016446
040 ## - CATALOGING SOURCE
Transcribing agency PK-LaUMT
082 00 - DEWEY DECIMAL CLASSIFICATION NUMBER
Classification number 283.4209034
Edition number 23
Item number OXF-
245 04 - TITLE STATEMENT
Title The Oxford movement :
Remainder of title Europe and the wider world 1830-1930 /
Statement of responsibility, etc edited by Stewart J. Brown and Peter B. Nockles
260 ## - PUBLICATION, DISTRIBUTION, ETC. (IMPRINT)
Place of publication, distribution, etc Cambridge :
Name of publisher, distributor, etc Cambridge University Press,
Date of publication, distribution, etc 2012
300 ## - PHYSICAL DESCRIPTION
Extent xii, 273 p. ;
Dimensions 24 cm
650 #0 - SUBJECT ADDED ENTRY--TOPICAL TERM
Topical term or geographic name as entry element Oxford movement.
650 #7 - SUBJECT ADDED ENTRY--TOPICAL TERM
Topical term or geographic name as entry element RELIGION / History.
700 1# - ADDED ENTRY--PERSONAL NAME
Personal name Brown, Stewart J.
700 1# - ADDED ENTRY--PERSONAL NAME
Personal name Nockles, Peter Benedict,
942 ## - ADDED ENTRY ELEMENTS (KOHA)
Koha item type Books
Holdings
Withdrawn status Lost status Damaged status Home library Current library Date acquired Full call number Barcode Date last seen Price effective from Koha item type
      UMT Main Campus UMT Main Campus 2018-08-10 283.4209034 OXF- 122620 2018-08-10 2018-08-10 Books